000 00466nam a2200181Ia 4500
001 18750
005 20260306171653.0
008 260306s9999||||xx |||||||||||||| ||und||
041 _aESP
082 _a658.5
_bCH526D
100 _aChase, Richard B.
_eAUT
245 0 _aDirección y administración de la producción y de las operaciones
260 _c1995
300 _a1065 páginas :
_c23 cm.
650 _aGEN
654 _aCAN
942 _cLIB
_dJUS
_fJUS
_2ddc
_n
999 _c18750
_d18750